1962 General elections in India (Record no. 426369)

000 -LEADER
fixed length control field 00461cam a22001337a 4500
008 - FIXED-LENGTH DATA ELEMENTS--GENERAL INFORMATION
fixed length control field 180718b1962 xxu||||| |||| 00| 0 eng d
082 ## - DEWEY DECIMAL CLASSIFICATION NUMBER
Classification number F51x54 P812G
245 ## - TITLE STATEMENT
Title 1962 General elections in India
Statement of responsibility, etc. edited by Sundar Lal Poplai
260 ## - PUBLICATION, DISTRIBUTION, ETC.
Place of publication, distribution, etc. Bombay
Name of publisher, distributor, etc. Allied Publishers
Date of publication, distribution, etc. 1962
300 ## - PHYSICAL DESCRIPTION
Extent 420P
500 ## - GENERAL NOTE
General note Issued under the auspices of the Diwan Chand Indian Information Centre, New Delhi
650 ## - SUBJECT ADDED ENTRY--TOPICAL TERM
Topical term or geographic name entry element Political campaigns --India
700 ## - ADDED ENTRY--PERSONAL NAME
Personal name Poplai, Sundar Lal
Holdings
Withdrawn status Lost status Damaged status Not for loan Permanent Location Current Location Date acquired Full call number Barcode Date last seen Price effective from Koha item type
        Indian Institute of Public Administration Indian Institute of Public Administration 2009-10-27 F51x54 P812G 29260 2018-07-21 2018-07-21 Book

Powered by Koha